000 00606nam a2200229Ia 4500
003 OSt
005 20220924133529.0
006 a|||||r|||| 00| 0
007 ta
008 220923b |||||||| |||| 00| 0 urd d
024 _a266662
037 _cTextual
040 _aARTS
_cARTS
_burd
041 _2urd
_aurd
082 _aV2529.M:(Y17:1), 168N78
100 _aSayed Safdar Hussain
_9206721
245 0 _aLucknow ki tehzeebi mirash
260 _c1978
650 _aHISTORY
942 _hV2529.M:(Y17:1), 168N78
_cTEXL
_2CC
999 _c434177
_d434177